Tribhuvan University Central Library

Apekshya ra anubhuti( lekh sangraha) (Record no. 102287)

MARC details
000 -LEADER
fixed length control field 00445nam a22001577a 4500
008 - FIXED-LENGTH DATA ELEMENTS--GENERAL INFORMATION
fixed length control field 211102b |||||||| |||| 00| 0 eng d
020 ## - INTERNATIONAL STANDARD BOOK NUMBER
International Standard Book Number 9789937033923
082 ## - DEWEY DECIMAL CLASSIFICATION NUMBER
Classification number N895.51408/M448a
100 ## - MAIN ENTRY--PERSONAL NAME
Personal name Mainali, Gopi Nath
245 ## - TITLE STATEMENT
Title Apekshya ra anubhuti( lekh sangraha)
260 ## - PUBLICATION, DISTRIBUTION, ETC.
Place of publication, distribution, etc. Kathmandu:
Name of publisher, distributor, etc. Tanneri Prakasan,
Date of publication, distribution, etc. 2074.B.S.
300 ## - PHYSICAL DESCRIPTION
Other physical details 393p.
650 ## - SUBJECT ADDED ENTRY--TOPICAL TERM
Topical term or geographic name entry element Nepali essay collected works
650 ## - SUBJECT ADDED ENTRY--TOPICAL TERM
Topical term or geographic name entry element Nepali lliterature
942 ## - ADDED ENTRY ELEMENTS (KOHA)
Source of classification or shelving scheme Dewey Decimal Classification
Koha item type Closed Section
Holdings
Withdrawn status Lost status Source of classification or shelving scheme Damaged status Not for loan Home library Current library Shelving location Date acquired Total Checkouts Full call number Barcode Date last seen Price effective from Koha item type Date last checked out
    Dewey Decimal Classification     Tribhuvan University Central Library Tribhuvan University Central Library New Building 11/02/2021   N895.51408/M448a 162597 11/02/2021 11/02/2021 General Collections  
    Dewey Decimal Classification     Tribhuvan University Central Library Tribhuvan University Central Library New Building 11/02/2021   N895.51408/M448a 162595 11/02/2021 11/02/2021 General Collections  
    Dewey Decimal Classification     Tribhuvan University Central Library Tribhuvan University Central Library   11/02/2021   N895.51408/M448a 162596 11/02/2021 11/02/2021 General Collections  
    Dewey Decimal Classification     Tribhuvan University Central Library Tribhuvan University Central Library   11/02/2021 2 N895.51408/M448a 162598 08/29/2025 11/02/2021 Closed Section 08/07/2025